With love from the Morisaki Bookshop (Record no. 4603)

MARC details
000 -CABECERA
campo de control de longitud fija 02956nam a22002537a 4500
003 - IDENTIFICADOR DEL NÚMERO DE CONTROL
campo de control OSt
005 - FECHA Y HORA DE LA ÚLTIMA TRANSACCIÓN
campo de control 20250327142207.0
008 - DATOS DE LONGITUD FIJA--INFORMACIÓN GENERAL
campo de control de longitud fija 250327b |||||||| |||| 00| 0 eng d
020 ## - NÚMERO INTERNACIONAL ESTÁNDAR DEL LIBRO
Número Internacional Estándar del Libro 9781786584960
040 ## - FUENTE DE LA CATALOGACIÓN
Centro/agencia transcriptor tbs
100 ## - ENTRADA PRINCIPAL--NOMBRE DE PERSONA
Nombre de persona Satoshi Yagisawa
9 (RLIN) 25073
245 ## - MENCIÓN DE TÍTULO
Título With love from the Morisaki Bookshop
Mención de responsabilidad, etc. / Satoshi Yagisawa
260 ## - PUBLICACIÓN, DISTRIBUCIÓN, ETC.
Lugar de publicación, distribución, etc. Manilla Press
Nombre del editor, distribuidor, etc. London
Fecha de publicación, distribución, etc. 2024
300 ## - DESCRIPCIÓN FÍSICA
Extensión 150 pages, 167 pages ; 23 cm.
500 ## - NOTA GENERAL
Nota general Includes: Days at the Morisaki Bookshop<br/>Original publication: 2023; More Days at the Morisaki Bookshop<br/>Original publication: 2024<br/>Original Japanese publication: Shogakukan, 2010, 2011
520 ## - SUMARIO, ETC.
Sumario, etc. This stunning hardback brings together two beloved novels—Days at the Morisaki Bookshop and More Days at the Morisaki Bookshop—originally published in Japan by Shogakukan (2010, 2011) and later in English (2023, 2024). Nestled within a single volume, these stories weave a tender tale of healing, connection, and the quiet magic of books, set against the backdrop of a ramshackle bookshop in Tokyo’s Jimbocho district.<br/><br/>At the heart of the narrative is Takako, a 25-year-old woman, lost and heartbroken, who accepts her eccentric, optimistic uncle Satoru’s offer to live in an apartment above his second-hand bookshop. Her only task? To keep the shop open when he’s away. Hidden in a quiet corner of an old wooden building, the Morisaki Bookshop is a booklover’s paradise, its crowded shelves brimming with hundreds of preloved volumes. Here, amid the dust and pages, Takako begins to mend her flagging spirits, finding solace and inspiration in the books that surround her.<br/><br/>Joined by her uncle and his wife—who harbors a mysterious secret—these three unlikely companions navigate life’s complexities within the shop’s walls. Over the course of the two novels, Takako evolves from a dependent figure into an independent woman, securing a job and her own path three years later. Meanwhile, Satoru reconciles with his wife, subtly reshaping their family dynamic. Through their shared experiences, Takako and her uncle uncover their similarities and differences, learning profound lessons about life, love, and the healing power of literature.<br/><br/>This edition celebrates the bookshop’s understated role as a catalyst for change, blending quiet introspection with relational shifts. Exploring themes of personal growth, autonomy, and the redemptive power of connection, these stories offer a soothing balm for the soul—a testament to how even the most unassuming places can transform lives. A must-have for collectors and book lovers alike, this volume is as beautiful on the outside as the stories are within.
650 #0 - PUNTO DE ACCESO ADICIONAL DE MATERIA--TÉRMINO DE MATERIA
Término de materia o nombre geográfico como elemento de entrada Japanese Literature
9 (RLIN) 12858
650 #0 - PUNTO DE ACCESO ADICIONAL DE MATERIA--TÉRMINO DE MATERIA
Término de materia o nombre geográfico como elemento de entrada Self-discovery
9 (RLIN) 22783
650 #0 - PUNTO DE ACCESO ADICIONAL DE MATERIA--TÉRMINO DE MATERIA
Término de materia o nombre geográfico como elemento de entrada Family relationships
Subdivisión de forma fiction
650 #0 - PUNTO DE ACCESO ADICIONAL DE MATERIA--TÉRMINO DE MATERIA
Término de materia o nombre geográfico como elemento de entrada Young women
Subdivisión de forma Fiction
9 (RLIN) 24099
653 ## - TÉRMINO DE INDIZACIÓN--NO CONTROLADO
Término no controlado Bookstores -- Japan -- Tokyo -- Fiction
700 ## - ENTRADA AGREGADA--NOMBRE PERSONAL
Nombre de persona Ozawa, Eric
Término indicativo de función/relación translator
9 (RLIN) 25074
942 ## - ELEMENTOS DE ENTRADA AGREGADA (KOHA)
Fuente del sistema de clasificación o colocación Clasificación de Library of Congress
Holdings
Estado de retiro Estado de pérdida Fuente del sistema de clasificación o colocación Estado dañado No para préstamo Biblioteca de origen Biblioteca actual Fecha de adquisición Total de préstamos Signatura topográfica completa Código de barras Fecha visto por última vez Número de copia Precio válido a partir de Tipo de ítem Koha
    Clasificación de Library of Congress     TBS Barcelona TBS Barcelona 27/03/2025   P-EN YAG B05930 27/03/2025 1 27/03/2025 Book

Powered by Koha